000
00291nam a2200121Ia 4500
005
20251222155134.0
008
251222s9999||||xx |||||||||||||| ||spa||
082
_a
NUT.24
100
_a
M. VerĂ³nica.
245
0
_a
Lineamientos generales guias alimentarias
264
_b
INCAP
942
_c
LIB
999
_c
38911
_d
38911